000 00747nmc a2200301 a 4500
003 AR-BaBNM
005 20251128203413.0
008 227019s1958 ||||||||||||||000 | spa||
040 _cAR-BaBNM
100 1 _aIhering, Rudolf von
245 1 0 _aLa lucha por el derecho
260 _aBuenos Aires
_bPerrot
_c1958
300 0 _a149 p.
490 0 _aLa torre de Babel
_v1
500 0 _aIndice p. 7
650 4 _aDERECHO
650 4 _aFILOSOFIA DEL DERECHO
650 4 _aDERECHO NATURAL
650 4 _aDERECHO CIVIL
650 4 _aLEGISLACION
650 4 _aESTADO
650 4 _aDERECHO ROMANO
651 4 _aAlemania
700 1 _aPosada, Adolfo
_etraductor
700 1 _aAlas, Leopoldo
_eprologuista
942 _cBK
998 _cAndrea
999 _c3230
_d3230